Compendio de la rhetorica (Record no. 8386)
[ view plain ]
| 000 -CABECERA | |
|---|---|
| campo de control de longitud fija | 02060nam a2200289 a 4500 |
| 001 - NÚMERO DE CONTROL | |
| campo de control | BRCA_8734 |
| 005 - FECHA Y HORA DE LA ÚLTIMA TRANSACCIÓN | |
| campo de control | 20190320210401.0 |
| 008 - DATOS DE LONGITUD FIJA--INFORMACIÓN GENERAL | |
| campo de control de longitud fija | 220217s--------sp-#######---#000-0#spa-# |
| 041 ## - CÓDIGO DE LENGUA | |
| Código de lengua del texto/banda sonora o título independiente | spa |
| 044 ## - CÓDIGO DEL PAÍS DE LA ENTIDAD EDITORA/PRODUCTORA | |
| Código MARC del país | sp |
| 084 ## - OTRO NÚMERO DE CLASIFICACIÓN | |
| Número de clasificación | BE90 |
| Número de documento/Ítem | .C47 |
| 100 1# - ENTRADA PRINCIPAL--NOMBRE DE PERSONA | |
| Nombre de persona | Cesena, Juan Angel de |
| 9 (RLIN) | 21738 |
| 245 10 - MENCIÓN DE TÍTULO | |
| Título | Compendio de la rhetorica |
| Resto del título | en que se da un fácil, y utilisimo methodo de enseñar el Arte Oratoria: dividido en dos partes, en la primera de las quales se trata de la Invencion, y de la Disposicion : y en la segunda de la Elocucion, Pronunciacion, Accion, y Memoria : va añadido al fin un Tratado de las Controversias Oratorias que miran mas de cerca las Materias Legales, y una Breve Instruccion à un Predicador nuevo |
| Mención de responsabilidad, etc. | compuesto en italiano por el R.P. Fr. Juan Angel de Cesena ... ; y traducido en español por Fr. Raymundo Joseph Rebollida ... |
| 250 ## - MENCIÓN DE EDICIÓN | |
| Mención de edición | 2a ed. |
| 260 ## - PUBLICACIÓN, DISTRIBUCIÓN, ETC. | |
| Lugar de publicación, distribución, etc. | Madrid |
| Nombre del editor, distribuidor, etc. | En la Imprenta de Carlos Gibert, y Tutó |
| 300 ## - DESCRIPCIÓN FÍSICA | |
| Extensión | [18], 590 p. (t.1) |
| Dimensiones | 20.8 x 15.5 cm |
| 500 ## - NOTA GENERAL | |
| Nota general | Con las licencias necesarias. |
| 500 ## - NOTA GENERAL | |
| Nota general | Con marca de fuego: “Procedencia de la marca: Convento de San Francisco de Querétaro(1). Institución: Orden de Frailes Menores. Provincia de San Pedro y San Pablo de Michoacán. Descripción: Monograma: Letras iniciales S[an] F[rancisco] D[e] Q[uerétar]o. Observaciones: David Saavedra la asigna a la Academia de Dibujo de San Fernando de Querétaro; Carlos Krausse al Colegio de Propaganda Fide de San Fernando de México. Ubicación de la marca en el libro: Canto superior, inferior y frontal” |
| 500 ## - NOTA GENERAL | |
| Nota general | Estado físico: presenta encuadernación en pergamino con lomo semi desprendido y cintas rotas |
| 650 14 - PUNTO DE ACCESO ADICIONAL DE MATERIA--TÉRMINO DE MATERIA | |
| Término de materia o nombre geográfico como elemento de entrada | Retórica |
| Subdivisión cronológica | Obras anteriores a 1800 |
| 9 (RLIN) | 21739 |
| 650 14 - PUNTO DE ACCESO ADICIONAL DE MATERIA--TÉRMINO DE MATERIA | |
| Término de materia o nombre geográfico como elemento de entrada | Oratoria |
| Subdivisión cronológica | Obras anteriores a 1800 |
| 9 (RLIN) | 21740 |
| 700 1# - PUNTO DE ACCESO ADICIONAL--NOMBRE DE PERSONA | |
| Nombre de persona | Rebodilla, Raymundo Joseph |
| Término indicativo de función/relación | tr. |
| 9 (RLIN) | 21741 |
| 700 1# - PUNTO DE ACCESO ADICIONAL--NOMBRE DE PERSONA | |
| Nombre de persona | Gibert y Tutó, Carlos |
| Término indicativo de función/relación | Impresor |
| 9 (RLIN) | 21742 |
| 856 ## - LOCALIZACIÓN Y ACCESO ELECTRÓNICOS | |
| Nombre del host | http://www.marcasdefuego.buap.mx:8180/xmLibris/projects/firebrand/item.jsp?repository=marcas_de_fuego&key=6faee58a.xml&num=15 |
| 902 ## - CATALOGADOR | |
| Iniciales | CFM |
| 942 ## - ELEMENTOS DE PUNTO DE ACCESO ADICIONAL (KOHA) | |
| Fuente del sistema de clasificación o colocación | Library of Congress Classification |
| Tipo de ítem Koha | Libros |
| Estado de retiro | Estado de pérdida | Estado dañado | No para préstamo | Localización permanente | Ubicación/localización actual | Fecha de adquisición | Total de préstamos | Signatura topográfica completa | Código de barras | Fecha visto por última vez | Precio válido a partir de | Tipo de ítem Koha |
|---|---|---|---|---|---|---|---|---|---|---|---|---|
| El ejemplar forma parte de la colección y puede ser consultado según las políticas vigentes. | Biblioteca del Museo Franz Mayer (Rogerio Casas-Alatriste) | Biblioteca del Museo Franz Mayer (Rogerio Casas-Alatriste) | 22/02/2017 | BE90 .C47 | CFM00070 | 22/03/2019 | 22/03/2019 | Libros |